[Event "X Open"]
[Site "Coria del Rio ESP"]
[Date "2004.02.16"]
[Round "6"]
[White "Razmyslov,A"]
[Black "Matamoros Franco,C"]
[Result "0-1"]
[WhiteElo "2337"]
[BlackElo "2490"]

1.d4 Nf6 2.c4 g6 3.Nc3 Bg7 4.e4 d6 5.Nf3 O-O 6.Be2 e5 7.Be3 Na6 8.d5 Ng4
9.Bg5 f6 10.Bh4 h5 11.Nd2 c5 12.h3 Nh6 13.g4 hxg4 14.hxg4 Nf7 15.g5 Nxg5
16.Bxg5 fxg5 17.Bg4 Nb4 18.Be2 Rf4 19.a3 Na6 20.Qb3 Nc7 21.Rh2 Rh4 22.Nf3 Rxh2
23.Nxh2 Qf6 24.Kf1 Qf4 25.Kg1 Ne8 26.Qc2 Nf6 27.b4 g4 28.Nf1 Nh7 29.Ng3 Ng5
30.Kg2 Bd7 31.bxc5 dxc5 32.Qc1 Nh3 33.Qe3 Qf8 34.Bd1 Bh6 35.Qe1 Nf4+ 36.Kg1 Bg5  0-1

[Event "X Open"]
[Site "Coria del Rio ESP"]
[Date "2004.02.17"]
[Round "7"]
[White "Lopez Gonzalez,D"]
[Black "Razmyslov,A"]
[Result "0-1"]
[WhiteElo "2113"]
[BlackElo "2337"]

1.c4 Nf6 2.Nc3 g6 3.e4 d6 4.d4 Bg7 5.Nf3 O-O 6.Be2 Na6 7.O-O e5 8.Be3 Ng4
9.Bg5 Qe8 10.h3 exd4 11.Nxd4 h6 12.Bh4 Nf6 13.f3 c6 14.Qd2 Nh5 15.Nc2 g5
16.Bf2 Be5 17.Bd4 Nc5 18.b4 Ne6 19.Bxe5 dxe5 20.Rfd1 Qe7 21.Bf1 a5 22.a3 axb4
23.axb4 Rxa1 24.Rxa1 Rd8 25.Qf2 Nd4 26.c5 Be6 27.Ne3 b6 28.Ncd1 b5 29.Nb2 Nf4
30.Nc2 Nde2+ 31.Bxe2 Rd2 32.Bf1 Rxf2 33.Kxf2 Bb3 34.Ne3 Qd8 35.Nf5 Qd2+ 36.Kg3 Qxb2  0-1

[Event "X Open"]
[Site "Coria del Rio ESP"]
[Date "2004.02.18"]
[Round "8"]
[White "Barrero Garcia,C"]
[Black "Cheparinov,I"]
[Result "0-1"]
[WhiteElo "2339"]
[BlackElo "2550"]

1.d4 Nf6 2.c4 g6 3.Nc3 Bg7 4.e4 d6 5.Nf3 O-O 6.Be2 e5 7.d5 a5 8.Bg5 h6 9.Bh4 Na6
10.Nd2 Qe8 11.O-O Bd7 12.b3 Nh7 13.Kh1 f5 14.exf5 gxf5 15.Bh5 Qc8 16.Be7 Re8
17.Bxe8 Qxe8 18.Bh4 e4 19.Rc1 Nc5 20.Rc2 Qg6 21.f3 e3 22.Ndb1 f4 23.g4 Re8
24.Rg2 Ng5 25.Ne2 Be5 26.Nbc3 Rf8 27.Be1 Kh8 28.Ng1 c6 29.h4 Nh7 30.Qc2 Be8
31.h5 Qg7 32.Nge2 b5 33.dxc6 b4 34.Nd5 Bxc6 35.a3 bxa3 36.Bxa5 Bxd5 37.cxd5 Ng5
38.Bc3 Ra8 39.b4 Nce4 40.Bxe5 Qxe5 41.Qc6 Rf8 42.fxe4 f3 43.Rgg1 Nxe4 44.Qb6 Qg5
45.Qd4+ Kg8 46.Rxf3 Rxf3 47.Qxe4 Qh4+  0-1

[Event "Aeroflot Open"]
[Site "Moscow RUS"]
[Date "2004.02.20"]
[Round "4"]
[White "Volkov,S1"]
[Black "Efimenko,Z"]
[Result "1/2-1/2"]
[WhiteElo "2630"]
[BlackElo "2537"]

1.d4 Nf6 2.c4 g6 3.Nc3 Bg7 4.e4 d6 5.Be2 O-O 6.Nf3 e5 7.Be3 Ng4 8.Bg5 f6
9.Bc1 exd4 10.Nxd4 f5 11.h3 Nh6 12.Bxh6 Bxh6 13.exf5 Bxf5 14.c5 Nc6 15.Nxf5 Rxf5
16.cxd6 Qxd6 17.Qxd6 cxd6 18.O-O Nd4 19.Bc4+ Kf8 20.Rad1 Bg7 21.Bd5 Re8 22.Bxb7 Ne2+
23.Nxe2 Rxe2 24.b3 Be5 25.a4 Rb2 26.Rd3 a5 27.g3 Rf7 28.Bd5 Rc7 29.Bc4 g5
30.Re1 h5 31.Re4 Re7 32.Rf3+ Kg7 33.h4 g4 34.Rf5 Kg6 35.Rg5+ Kh6 36.Re3 Rd2
37.Kf1 Rc7 38.Ke1 Rb2 39.Kf1 Rd2 40.Kg1 Re7 41.Re1 Rc7 42.Kg2 Rc8 43.Re3 Rf8
44.Re2 Rxe2 45.Bxe2 Re8 46.Bd3 Re6 47.Bf5 Rf6 48.Be4 Bc3 49.f3 Re6 50.Rb5 gxf3+
51.Kxf3 Re7 52.Rd5 Bb4 53.Rg5 Rg7 54.Rf5 Bc3 55.Rf8 Rc7 56.Ra8 Kg7 57.Bd5 Re7
58.Rg8+ Kh7 59.Rc8 Be5 60.Kg2 Bd4 61.Bf3 Kh6 62.Rf8 Kg6 63.Rb8 Bc3 64.Rb6 Bb4
65.Rc6 Bc5 66.Rc8 Re5 67.Ra8 Bb4 68.Rg8+ Kf7 69.Rb8 Kg6 70.Bc6 Bc5 71.Ra8 Bd4
72.Bb5 Bc3 73.Kf3 Bd2 74.Bc4 Re3+ 75.Kf2 Re5 76.Rg8+ Kh7 77.Rd8 Bb4 78.Rd7+ Kg6
79.Bd3+ Kf6 80.Kf3 Bc5 81.Be4 Re8 82.Rh7 Re5 83.Kf4 Bb4 84.Rb7 Bd2+ 85.Kf3 Be1
86.Rb5 Bc3 87.Bc2 Bd2 88.Bd1 Be1 89.Kg2 Kg6 90.Bf3 Bb4 91.Bc6 Be1 92.Kf3 Bd2
93.Be4+ Kf6 94.Rb6 Bb4 95.Ra6 Re7 96.Ra8 Kg7 97.Bf5 Kf6 98.Bc2 Kg7 99.g4 hxg4+
100.Kxg4 Bd2 101.Ra6 Bb4 102.Rc6 Kf6 103.h5 Kg7 104.Bf5 Bc5 105.Bg6 Bb4 106.Bd3 Bc5
107.Rc8 Bb4 108.Rc2 Bc5 109.Kg5 Be3+ 110.Kf5 Re5+ 111.Kg4 Bc5 112.Bg6 Re3
113.Rb2 Re5 114.Rb1 Re7 115.Rf1 Rb7 116.Rf3 Re7 117.Rf1 Bb4 118.Bd3 Bc5 119.Bc4 Re4+
120.Kg3 Re7 121.Kh4 Re4+ 122.Kg5 Re5+ 123.Kg4 Re4+ 124.Kg3 Re7 125.Rf5 Re3+
126.Kf4 Re7 127.Rg5+ Kh6 128.Rg6+ Kxh5 129.Rg2 Re5 130.Bd3 Be3+ 131.Kf3 Bc5
132.Be4 Ba3 133.Rg7 Kh6 134.Rg6+ Kh5 135.Rg1 Bb4 136.Rg2  1/2-1/2

[Event "Premier"]
[Site "Portsmouth ENG"]
[Date "2004.02.20"]
[Round "1"]
[White "Wells,P"]
[Black "Radovanovic,J"]
[Result "1-0"]
[WhiteElo "2493"]
[BlackElo "2217"]

1.d4 Nf6 2.Nf3 g6 3.c4 Bg7 4.Nc3 O-O 5.e4 d6 6.Be2 e5 7.Be3 Qe7 8.dxe5 dxe5
9.Nd5 Qd6 10.c5 Qd8 11.Bg5 Nc6 12.Bc4 Bg4 13.h3 Be6 14.Qa4 Bxd5 15.Bxd5 h6
16.Bxf6 Qxf6 17.O-O Rab8 18.Rac1 a6 19.Rfd1 Rfd8 20.b3 Kf8 21.Bxc6 Qxc6 22.Rxd8+ Rxd8
23.Qxc6 bxc6 24.Kf1 Ke7 25.Ke2 Rb8 26.Rc4 Rb5 27.Nd2 Ke6 28.Ra4 Rxc5 29.Nc4 f5
30.f3 Kd7 31.Rxa6 Bf6 32.Ra8 Bd8 33.a4 h5 34.Kd3 h4 35.b4  1-0

[Event "Premier"]
[Site "Portsmouth ENG"]
[Date "2004.02.21"]
[Round "2"]
[White "Crouch,C"]
[Black "Sugden,J"]
[Result "1-0"]
[WhiteElo "2365"]
[BlackElo "2180"]

1.d4 Nf6 2.c4 d6 3.Nc3 g6 4.e4 Bg7 5.Nf3 O-O 6.Be2 Nbd7 7.O-O e5 8.Be3 c6
9.d5 c5 10.Nd2 Ne8 11.a3 f5 12.f3 f4 13.Bf2 Rf7 14.b4 b6 15.Rb1 g5 16.bxc5 bxc5
17.g4 h5 18.h3 Ndf6 19.Kg2 Bf8 20.Rh1 Rg7 21.Qc2 Be7 22.Nd1 Qd7 23.Be1 hxg4
24.hxg4 Bd8 25.Nb3 Rh7 26.Rxh7 Qxh7 27.Nf2 Bb6 28.Bc3 Qd7 29.Nc1 Ba6 30.Ncd3 Qc7
31.Qd2 Ng7 32.Rh1 Nh7 33.Rh6 Nf8 34.a4 Qe7 35.a5 Bd8 36.Nxe5 dxe5 37.Rxa6 Qb7
38.Rh6 Nd7 39.Bd1 Bf6 40.Ba4 Rf8 41.Qb2  1-0

[Event "5th Montenegro Open"]
[Site "Sozina SCG"]
[Date "2004.02.21"]
[Round "4"]
[White "Markus,R"]
[Black "Ionica,I"]
[Result "1-0"]
[WhiteElo "2527"]
[BlackElo "2271"]

1.d4 Nf6 2.c4 g6 3.Nc3 Bg7 4.e4 d6 5.Nf3 O-O 6.Be2 e5 7.d5 a5 8.h3 Qe8 9.g4 Kh8
10.Be3 Na6 11.Nd2 Ng8 12.g5 f5 13.f3 Ne7 14.a3 Bd7 15.Qc2 c6 16.Rb1 cxd5
17.cxd5 Rc8 18.Nc4 Rxc4 19.Bxc4 Qc8 20.Bxa6 bxa6 21.Qg2 Qc4 22.Qe2 Qc8 23.Rc1 Qb7
24.h4 Kg8 25.O-O f4 26.Bf2 h6 27.Kg2 Kf7 28.Rh1 Rb8 29.b4 axb4 30.axb4 Bc8
31.Na4 Bd7 32.Nb6 Bb5 33.Qc2 Rh8 34.Qc7 Qxc7 35.Rxc7 Be2 36.gxh6 Bxh6 37.Nc4 Rd8
38.Nxd6+ Kf6 39.Nb7 Rg8 40.Bc5  1-0

[Event "5th Montenegro Open"]
[Site "Sozina SCG"]
[Date "2004.02.22"]
[Round "5"]
[White "Vukanovic,S"]
[Black "Pustina,A"]
[Result "1-0"]
[WhiteElo "2351"]
[BlackElo "2270"]

1.Nf3 Nf6 2.c4 g6 3.Nc3 Bg7 4.e4 d6 5.d4 O-O 6.Be2 e5 7.Be3 Nbd7 8.O-O c6
9.d5 c5 10.Ne1 Ne8 11.Nd3 f5 12.exf5 gxf5 13.f4 b6 14.Qd2 a6 15.fxe5 Nxe5
16.Nf4 Nf6 17.h3 Qe8 18.Rad1 Ra7 19.Ne6 Bxe6 20.dxe6 Re7 21.Nd5 Nxd5 22.cxd5 b5
23.Rf2 Rb7 24.b3 Qg6 25.Rdf1 Rc7 26.Qa5 Rfc8 27.Qxa6 c4 28.Bb6 Bf8  1-0

[Event "1st Balagne Open"]
[Site "Calvi FRA"]
[Date "2004.02.23"]
[Round "4"]
[White "Maksimenko,A"]
[Black "Bojkov,D"]
[Result "1/2-1/2"]
[WhiteElo "2541"]
[BlackElo "2415"]

1.d4 Nf6 2.c4 g6 3.Nc3 Bg7 4.e4 d6 5.Be2 O-O 6.Nf3 e5 7.O-O Na6 8.Be3 Ng4
9.Bg5 Qe8 10.dxe5 dxe5 11.h3 h6 12.Bd2 Nf6 13.Be3 Qe7 14.Qc1 Kh7 15.Nd5 Qe6
16.Nd2 c6 17.Nxf6+ Qxf6 18.c5 Nc7 19.Nc4 Nb5 20.a4 Nd4 21.Bxd4 exd4 22.Bd3 Qe7
23.b4 Be6 24.Na5 f5 25.exf5 Bxf5 26.Qd2 Bxd3 27.Qxd3 Rae8 28.Rad1 Rf4 29.Nc4 Qe2
30.Nd6 Qxd3 31.Rxd3 Re7 32.f3 b6 33.cxb6 axb6 34.Rc1 Re3 35.Rxe3 dxe3 36.Ne4 Bd4
37.Kf1 c5 38.bxc5 bxc5 39.Ke2 Rf7 40.Nxc5 Ra7 41.Ne6 Rxa4 42.Rc7+ Kg8 43.Nxd4 Rxd4
44.Kxe3 Ra4 45.f4 h5 46.Rd7 Rb4 47.Kf3 Ra4 48.Kg3 Rb4 49.Kh4 Rxf4+ 50.Kg5 Rf2
51.g4 hxg4 52.hxg4 Ra2 53.Kh6 Ra6 54.Rd8+ Kf7 55.g5 Ra1 56.Rd7+ Kg8 57.Rb7 Ra2
58.Rg7+ Kh8 59.Rf7 Kg8 60.Rf4 Ra7 61.Rb4 Rh7+ 62.Kxg6 Rg7+ 63.Kf6 Rf7+  1/2-1/2

[Event "5th Montenegro Open"]
[Site "Sozina SCG"]
[Date "2004.02.24"]
[Round "7"]
[White "Minic,M"]
[Black "Kizov,A"]
[Result "0-1"]
[WhiteElo "2156"]
[BlackElo "2345"]

1.d4 Nf6 2.c4 g6 3.Nc3 Bg7 4.Nf3 O-O 5.e4 d6 6.Be2 c6 7.O-O e5 8.Re1 Na6
9.Be3 Ng4 10.Bg5 f6 11.Bh4 Nh6 12.d5 c5 13.Nd2 Nf7 14.a3 Bh6 15.Nf1 Bg5 16.Bxg5 Nxg5
17.Rb1 Bd7 18.Ng3 Nf7 19.b4 b6 20.Qc2 h5 21.h3 h4 22.Nf1 Ng5 23.b5 Nc7 24.a4 f5
25.exf5 Bxf5 26.Bd3 Bxh3 27.Ne3 Kh8 28.Qe2 Bf5 29.Nxf5 gxf5 30.f4 exf4 31.Qf2 f3
32.Kh2 Qf6 33.gxf3 Nf7 34.Ne2 Ne5 35.Rbd1 Rae8 36.Kh1 Qh6 37.f4 Ng4 38.Qg1 Re3
39.Bxf5 Rh3+ 40.Kg2 Rh2+ 41.Kf3 Rf2+ 42.Kxg4 Rg8+ 43.Kh3 Rxg1 44.Rxg1 Rxe2
45.Rdf1 Re3+ 46.Kh2 Rg3 47.Rxg3 hxg3+ 48.Kxg3 Qg7+ 49.Kh4 Ne8  0-1

[Event "ch-CZE"]
[Site "Karlovy Vary CZE"]
[Date "2004.02.25"]
[Round "9"]
[White "Babula,V"]
[Black "Rasik,V"]
[Result "1/2-1/2"]
[WhiteElo "2594"]
[BlackElo "2472"]

1.d4 Nf6 2.c4 g6 3.Nc3 Bg7 4.e4 O-O 5.Nf3 d6 6.Be2 e5 7.O-O exd4 8.Nxd4 Re8
9.f3 Nc6 10.Be3 Nh5 11.Qd2 Nf4 12.Bxf4 Nxd4 13.Rfe1 Nxe2+ 14.Rxe2 Be6 15.b3 Be5
16.Rd1 Qh4 17.g3 Qf6 18.Nb5 Rec8 19.Bxe5 dxe5 20.Re3 Rd8 21.Rd3 Rxd3 22.Qxd3 Qe7
23.Kg2 Qc5 24.Qd2 a6 25.Nc3 b5 26.Nd5 bxc4 27.Qc3 Bxd5 28.Rxd5 Qa3 29.Ra5 Qd6
30.Rd5 Qa3 31.Ra5  1/2-1/2

[Event "5th Montenegro Open"]
[Site "Sozina SCG"]
[Date "2004.02.25"]
[Round "8"]
[White "Markus,R"]
[Black "Solomunovic,I"]
[Result "0-1"]
[WhiteElo "2527"]
[BlackElo "2424"]

1.d4 Nf6 2.c4 g6 3.Nc3 Bg7 4.e4 d6 5.Nf3 O-O 6.Be2 Nbd7 7.O-O e5 8.Qc2 c6
9.d5 c5 10.Bg5 h6 11.Bh4 g5 12.Bg3 Nh5 13.Ne1 Nf4 14.Qd1 Nxe2+ 15.Qxe2 f5
16.exf5 Nf6 17.Nc2 Bxf5 18.Ne3 Bg6 19.a3 Qd7 20.b4 b6 21.Rab1 Bxb1 22.Rxb1 h5
23.h3 cxb4 24.axb4 Rac8 25.f3 Bh6 26.Ne4 g4 27.Nxd6 Qxd6 28.Nf5 Qd7 29.Nxh6+ Kh7
30.Qe3 gxf3 31.Ra1 Rxc4 32.Qd3+ Ne4 33.Bxe5 Qe7 34.Bh2 Qg5  0-1

[Event "II GM-Tage"]
[Site "Pulvermuehle GER"]
[Date "2004.02.26"]
[Round "9"]
[White "Prusikin,M"]
[Black "Stellwagen,D"]
[Result "0-1"]
[WhiteElo "2519"]
[BlackElo "2489"]

1.d4 Nf6 2.Nf3 g6 3.c4 Bg7 4.Nc3 O-O 5.e4 d6 6.Be2 e5 7.Be3 Ng4 8.Bg5 f6
9.Bh4 g5 10.Bg3 Nh6 11.d5 Nd7 12.Nd2 f5 13.f3 Nf6 14.h3 fxe4 15.Ndxe4 Nf5
16.Bf2 Nh4 17.Rg1 Nxe4 18.Nxe4 Bf5 19.Be3 h6 20.Qd2 Bh7 21.O-O-O a6 22.Kb1 Nf5
23.Bd3 c5 24.dxc6 bxc6 25.Nc3 e4 26.Bxe4 Rb8 27.Bxf5 Bxf5+ 28.Ka1 c5 29.Rc1 Qa5
30.h4 Rb4 31.hxg5 Rfb8 32.gxh6 Be5 33.f4 Rxb2 34.Qxb2 Rxb2 35.fxe5 Rb8 36.g4 Bg6
37.Bd2 Qa3 38.Rb1 Bxb1 39.Rxb1 Rxb1+ 40.Nxb1 Qd3 41.exd6 Qxd6 42.g5 Qe5+
43.Bc3 Qxg5 44.Bg7 Qc1 45.Bc3 Qxh6 46.Nd2 Qe3 47.Kb2 Qd3  0-1

[Event "ch-BRA"]
[Site "Rio de Janeiro BRA"]
[Date "2004.02.26"]
[Round "1"]
[White "Guimaraes,W"]
[Black "Matsuura,E"]
[Result "1/2-1/2"]
[WhiteElo "2237"]
[BlackElo "2460"]

1.d4 Nf6 2.c4 g6 3.Nc3 Bg7 4.e4 d6 5.Nf3 O-O 6.Be2 Na6 7.O-O e5 8.Be3 Ng4
9.Bg5 Qe8 10.dxe5 dxe5 11.h3 h6 12.Bc1 Nf6 13.Be3 Qe7 14.Qc1 Kh7 15.c5 c6
16.Bxa6 bxa6 17.Rd1 Ne8 18.Nd2 f5 19.f3 Be6 20.Qc2 Nc7 21.Nb3 fxe4 22.fxe4 Qh4
23.Bf2 Qh5 24.Rd3 Rf6 25.g4 Qg5 26.Be3 Rf4 27.Bxf4 exf4 28.Qg2 Rb8 29.Rad1 Bxb3
30.axb3 Rxb3 31.Rd7 Ne6 32.Qf2 h5 33.R1d6 Nxc5 34.Qd4 Nxd7 35.Rxd7 Qh6 36.e5 f3
37.e6 hxg4 38.Qxg4 Qe3+ 39.Kf1 Rxc3 40.Qh4+ Kg8 41.Rxg7+ Kxg7 42.Qe7+ Kh6
43.Qh4+ Kg7 44.Qe7+ Kh6 45.Qh4+ Kg7 46.Qe7+  1/2-1/2

[Event "ch-BRA"]
[Site "Rio de Janeiro BRA"]
[Date "2004.02.26"]
[Round "1"]
[White "Reis,P"]
[Black "Paiva,P"]
[Result "0-1"]
[WhiteElo "2301"]
[BlackElo "2064"]

1.Nf3 Nf6 2.c4 g6 3.Nc3 Bg7 4.e4 d6 5.d4 O-O 6.Be2 e5 7.d5 Nh5 8.g3 h6 9.Nd2 Nf6
10.O-O c5 11.dxc6 Nxc6 12.Nb3 a5 13.a4 Be6 14.Be3 Rc8 15.Rc1 Nb4 16.Nd2 Nd7
17.Nd5 Na6 18.Nb1 Bxd5 19.cxd5 Rxc1 20.Qxc1 Nac5 21.Qc2 f5 22.f3 f4 23.Bf2 fxg3
24.hxg3 Qg5 25.Nd2 b6 26.Nc4 Qe7 27.Kg2 Rb8 28.Na3 h5 29.Nb5 Rc8 30.Be3 Kh7
31.Rh1 Bh6 32.Bxh6 Kxh6 33.g4 Rh8 34.Kf2 Kg7 35.Nc3 Nf6 36.gxh5 Nxh5 37.Qd2 Rf8
38.Ke1 Nb3 39.Qe3 Nd4 40.Nb5 Nc2+  0-1

[Event "ch-BRA"]
[Site "Rio de Janeiro BRA"]
[Date "2004.02.27"]
[Round "3"]
[White "Souza Neves,A"]
[Black "Cavalcanti,F"]
[Result "1-0"]
[WhiteElo "2175"]
[BlackElo "2301"]

1.d4 Nf6 2.c4 g6 3.Nc3 Bg7 4.e4 d6 5.Nf3 O-O 6.Be2 e5 7.d5 a5 8.Bg5 Na6 9.Nd2 h6
10.Be3 Nc5 11.O-O Bd7 12.b3 Ne8 13.f3 f5 14.a3 f4 15.Bf2 Bf6 16.Qe1 Kh8 17.Rb1 h5
18.b4 axb4 19.axb4 Na4 20.Nxa4 Rxa4 21.c5 g5 22.Nc4 g4 23.Na5 Bc8 24.fxg4 hxg4
25.Qd1 Rxa5 26.bxa5 Rg8 27.c6 bxc6 28.a6 Bxa6 29.Bxa6 cxd5 30.Qxd5 Bh4 31.g3 Nf6
32.Qe6 Bg5 33.gxf4 exf4 34.Bd4 f3 35.Bc4 Rg7 36.Rb5 c5 37.Rfb1 Qe7 38.Rb8+ Kh7
39.Qf5+ Kh6 40.Rh8+ Nh7 41.Bxg7+ Qxg7 42.Rxh7+ Qxh7 43.Qxh7+ Kxh7 44.Be6  1-0

[Event "VII Malaga Open"]
[Site "Campillos ESP"]
[Date "2004.02.28"]
[Round "9"]
[White "Alonso,Re"]
[Black "Paunovic,D"]
[Result "0-1"]
[WhiteElo "2371"]
[BlackElo "2517"]

1.Nf3 Nf6 2.c4 g6 3.Nc3 Bg7 4.e4 d6 5.d4 O-O 6.Be2 e5 7.O-O Na6 8.Be3 Ng4
9.Bg5 Qe8 10.dxe5 dxe5 11.h3 f6 12.Bd2 Nh6 13.c5 Nxc5 14.Qc1 Nf7 15.Nd5 Ne6
16.Nxc7 Nxc7 17.Qxc7 Nd8 18.Bc4+ Be6 19.Bxe6+ Qxe6 20.Rfc1 Rf7 21.Qc4 Bf8
22.Be3 Rd7 23.Qxe6+ Nxe6 24.Rd1 Rxd1+ 25.Rxd1 Bc5 26.Rd7 Bxe3 27.fxe3 Nc5
28.Rc7 b6 29.Nd2 Rd8 30.Nc4 Rd1+ 31.Kh2 Rd7 32.Rxd7 Nxd7 33.Kg3 Kf7 34.b4 Ke6
35.Kf3 h5 36.Ke2 f5 37.Kd3 Nf6 38.Nd2 h4 39.a4 a6 40.exf5+ gxf5 41.e4 fxe4+
42.Nxe4 Nd5 43.a5 Nxb4+ 44.Kc4 bxa5 45.Ng5+ Kf5 46.Nf3 Kf4 47.Nxh4 e4 48.g4 Nc6
49.Ng2+ Kg3 50.Kd5 Kxg2 51.Kxe4 Kxh3 52.g5 Ne7 53.Kd4 Kg4  0-1

[Event "20th Open"]
[Site "Cappelle la Grande FRA"]
[Date "2004.02.28"]
[Round "1"]
[White "Sulava,N"]
[Black "Areshchenko,A"]
[Result "0-1"]
[WhiteElo "2477"]
[BlackElo "2564"]

1.Nf3 Nf6 2.c4 g6 3.Nc3 Bg7 4.e4 d6 5.d4 O-O 6.Be2 Nbd7 7.O-O e5 8.Be3 Re8
9.d5 Ng4 10.Bd2 Bh6 11.b4 a5 12.a3 b6 13.Qc2 Kg7 14.Rac1 Bxd2 15.Nxd2 Nh6
16.Qb2 f5 17.Bd1 Nf6 18.c5 axb4 19.axb4 bxc5 20.bxc5 Ba6 21.Re1 Nd7 22.cxd6 cxd6
23.Ba4 Re7 24.Bxd7 Rxd7 25.Ra1 Bd3 26.Rxa8 Qxa8 27.exf5 Nxf5 28.Nf3 Bc4 29.Ra1 Qg8
30.Ra5 Ne7 31.Ne4 Bxd5 32.Nxd6 Qe6 33.Ng5 Qg4  0-1

[Event "Open"]
[Site "Jersey JCI"]
[Date "2004.02.28"]
[Round "7"]
[White "Trevelyan,J"]
[Black "Hillarp Persson,T"]
[Result "0-1"]
[WhiteElo "2145"]
[BlackElo "2530"]

1.d4 Nf6 2.c4 g6 3.Nc3 Bg7 4.e4 d6 5.Nf3 O-O 6.Be2 e5 7.dxe5 dxe5 8.Qxd8 Rxd8
9.Bg5 Nbd7 10.O-O-O Rf8 11.Nd5 c6 12.Ne7+ Kh8 13.Bxf6 Nxf6 14.Nxc8 Raxc8
15.Bd3 Rfe8 16.h3 a5 17.Bc2 Rc7 18.Kd2 Nd7 19.Ke2 Nc5 20.g3 Kg8 21.a3 a4
22.Nd2 Ra8 23.Nb1 Ne6 24.Bd3 Rd7 25.Nc3 Rd4 26.Kd2 Nc5 27.Kc2 Rad8 28.Be2 Bh6
29.f3 Bd2 30.Na2 Kf8 31.Nb4 h5 32.h4 Ke7 33.Rh2 Bxb4 34.axb4 Na6 35.b5 Nb4+
36.Kc1 Kd6 37.Rxd4+ exd4 38.f4 Kc5 39.g4 d3 40.Bd1 hxg4 41.Bxg4 Rd4 42.bxc6 bxc6
43.f5 Rxc4+ 44.Kd1 Rxe4 45.fxg6 fxg6 46.h5 Rxg4 47.h6 Rg1+ 48.Kd2 Rb1 49.Rh5+ gxh5
50.h7 Rxb2+ 51.Kd1 Nd5 52.h8=Q a3 53.Qf8+ Kc4  0-1

[Event "ch-TUR"]
[Site "Kusadasi TUR"]
[Date "2004.02.29"]
[Round "3"]
[White "Olcayoz,A"]
[Black "Tepeli,H"]
[Result "1-0"]
[WhiteElo "2290"]
[BlackElo "2086"]

1.d4 g6 2.e4 d6 3.c4 Bg7 4.Nc3 Nf6 5.Nf3 O-O 6.Be2 Nbd7 7.O-O e5 8.dxe5 dxe5
9.Be3 b6 10.Nd2 Ne8 11.b4 Bb7 12.c5 f5 13.f3 f4 14.Bf2 h5 15.Qa4 a5 16.c6 axb4
17.Qb3+ Kh8 18.cxb7 Rb8 19.Qxb4 Nd6 20.Nc4 Nxb7 21.Rfd1  1-0

[Event "20th Open"]
[Site "Cappelle la Grande FRA"]
[Date "2004.03.01"]
[Round "3"]
[White "Socko,M"]
[Black "Miroshnichenko,E"]
[Result "0-1"]
[WhiteElo "2415"]
[BlackElo "2602"]

1.d4 Nf6 2.c4 d6 3.Nc3 e5 4.Nf3 Nbd7 5.e4 g6 6.Be2 Bg7 7.O-O O-O 8.Be3 Re8
9.d5 Nh5 10.Ne1 Nf4 11.Nd3 Nxe2+ 12.Qxe2 f5 13.f3 Nf6 14.Rac1 Bd7 15.c5 Kh8
16.b4 f4 17.Bf2 g5 18.Nb2 Rg8 19.cxd6 cxd6 20.Nb5 Ne8 21.a4 g4 22.Kh1 g3
23.hxg3 a6 24.Nc3 fxg3 25.Bxg3 Bh6 26.Bh2 Bxc1 27.Rxc1 Qg5 28.Nd3 Nf6 29.Rc2 Rac8
30.Qf2 Qh6 31.Nd1 Rcf8 32.Qe1 Bxa4 33.Rc7 Bxd1 34.Qxd1 Rg7 35.Rc2 Qg6 36.Qe2 h5
37.Qe3 Kh7 38.Re2 Ng4 39.fxg4 Rf1+ 40.Bg1 Qxg4 41.Kh2 Qh4+  0-1

[Event "ch-TUR"]
[Site "Kusadasi TUR"]
[Date "2004.03.01"]
[Round "4"]
[White "Erdogan,H"]
[Black "Zengin,S"]
[Result "1-0"]
[WhiteElo "2252"]
[BlackElo "2102"]

1.d4 Nf6 2.c4 g6 3.Nc3 Bg7 4.e4 d6 5.Nf3 O-O 6.Be2 Na6 7.O-O e5 8.Re1 Qe8
9.d5 Nc5 10.Qc2 a5 11.Nd2 Bd7 12.b3 h5 13.Rb1 Nh7 14.a3 f5 15.b4 axb4 16.axb4 Na6
17.Rb3 Bh6 18.Nf1 Bxc1 19.Qxc1 f4 20.c5 f3 21.gxf3 dxc5 22.Bxa6 Rxa6 23.bxc5 Rxf3
24.Rxb7 Raf6 25.Re2 R6f4 26.d6 Ng5 27.Nd1 Qe6 28.c6 Qh3 29.Nde3 Nxe4 30.cxd7 Rxf2
31.d8=Q+ Rf8 32.Rxf2 Nxf2 33.Qc4+  1-0

[Event "ch-TUR"]
[Site "Kusadasi TUR"]
[Date "2004.03.01"]
[Round "4"]
[White "Ercan,F"]
[Black "Duman,A"]
[Result "1-0"]
[WhiteElo "2075"]
[BlackElo "2245"]

1.d4 Nf6 2.c4 g6 3.Nc3 Bg7 4.e4 d6 5.Nf3 O-O 6.Be2 Na6 7.O-O e5 8.Be3 Ng4
9.Bg5 Qe8 10.d5 f6 11.Bc1 f5 12.Ne1 Nf6 13.f3 f4 14.Nd3 g5 15.Rb1 Qg6 16.Nf2 h5
17.h3 g4 18.fxg4 hxg4 19.Bxg4 Bxg4 20.Nxg4 Nxg4 21.Qxg4 Qxg4 22.hxg4 Rf6
23.Kf2 Rh6 24.Kf3 Kf7 25.Bd2 Rah8 26.Nd1 Bf6 27.Nf2 Bh4 28.Nh3 Rg6 29.Be1 Be7
30.Rh1 Nc5 31.Bf2 Rgh6 32.Bxc5 dxc5 33.Nf2 Kg6 34.Rxh6+ Rxh6 35.Rh1 Rxh1
36.Nxh1 Kg5 37.Nf2 b6 38.a3 a5 39.Nd1 Kh4 40.Nc3 Bf8 41.Nb5 Bd6 42.Na7 Be7
43.Nc6 Bf6 44.a4 Bg7 45.b3  1-0

[Event "ch-TUR"]
[Site "Kusadasi TUR"]
[Date "2004.03.04"]
[Round "8"]
[White "Citak,S"]
[Black "Reyhan,D"]
[Result "1-0"]
[WhiteElo "2136"]
[BlackElo "2213"]

1.d4 Nf6 2.Nf3 g6 3.c4 Bg7 4.Nc3 d6 5.e4 O-O 6.Be2 e5 7.O-O exd4 8.Nxd4 Re8
9.f3 Nc6 10.Be3 Nh5 11.Nxc6 bxc6 12.Qd2 c5 13.Nd5 Rb8 14.Rab1 Be6 15.b3 Bxd5
16.cxd5 f5 17.Bg5 Bf6 18.Bxf6 Qxf6 19.exf5 Nf4 20.Bc4 Re2 21.Qxf4 Rxa2 22.Qg4 Kh8
23.fxg6 Rg8 24.Bd3 Qc3 25.Be4 Qd2 26.Qh3 Rg7 27.Rbe1 Qd4+ 28.Kh1 Rf2 29.Rxf2 Qxf2
30.Qc8+ Rg8 31.g7+ Kxg7 32.Qd7+  1-0

[Event "20th Open"]
[Site "Cappelle la Grande FRA"]
[Date "2004.03.05"]
[Round "8"]
[White "Korobov,A"]
[Black "Czarnota,P"]
[Result "1-0"]
[WhiteElo "2552"]
[BlackElo "2386"]

1.d4 Nf6 2.c4 g6 3.Nc3 Bg7 4.e4 d6 5.Be2 O-O 6.Nf3 Nbd7 7.O-O e5 8.d5 Nc5
9.Qc2 a5 10.Bg5 h6 11.Be3 b6 12.Nd2 Bg4 13.Rae1 Bxe2 14.Rxe2 Ng4 15.Bxc5 bxc5
16.g3 h5 17.f3 Nh6 18.f4 f5 19.Nf3 exf4 20.gxf4 fxe4 21.Rxe4 Rf5 22.Ne2 Qf6
23.Re6 Qxb2 24.Qxb2 Bxb2 25.Rxg6+ Kh7 26.Rg2 Bf6 27.Ng3 Rb8 28.Ng5+ Kg6 29.Ne6 Rb4
30.Nxf5+ Kxf5 31.Rg5+ Ke4 32.Rg6 Ng4 33.h3 Kf5 34.Rg5+  1-0

[Event "ch-TUR"]
[Site "Kusadasi TUR"]
[Date "2004.03.05"]
[Round "9"]
[White "Polatel,A"]
[Black "Arduman,C"]
[Result "1/2-1/2"]
[WhiteElo "2163"]
[BlackElo "2319"]

1.Nf3 Nf6 2.c4 g6 3.Nc3 Bg7 4.e4 d6 5.d4 O-O 6.Be2 e5 7.O-O Na6 8.Be3 Ng4
9.Bg5 Qe8 10.dxe5 dxe5 11.h3 h6 12.Bd2 Nf6 13.Be3 Qe7 14.Qc1 Kh7 15.c5 b6
16.c6 Nb4 17.Bb5 a6 18.Ba4 Nd3 19.Qc2 Nb4 20.Qc1 Nd3 21.Qc2 Nb4 22.Qc1  1/2-1/2

[Event "ch-TUR"]
[Site "Kusadasi TUR"]
[Date "2004.03.06"]
[Round "10"]
[White "Citak,S"]
[Black "Arduman,C"]
[Result "1/2-1/2"]
[WhiteElo "2136"]
[BlackElo "2319"]

1.d4 Nf6 2.c4 g6 3.Nc3 Bg7 4.e4 d6 5.Nf3 O-O 6.Be2 Na6 7.O-O e5 8.Re1 Qe8
9.Bf1 Bg4 10.d5 Nb4 11.Qb3 a5 12.a3 Na6 13.Qxb7 Nd7 14.Be3 Qe7 15.Qb3 Bxf3
16.gxf3 Nac5 17.Qc2 a4 18.Rad1 Qh4 19.Nb5 Rac8 20.Nc3 Ra8 21.Nb5  1/2-1/2

[Event "ch-TUR"]
[Site "Kusadasi TUR"]
[Date "2004.03.06"]
[Round "10"]
[White "Donmez,Y"]
[Black "Ataman,A"]
[Result "1-0"]
[WhiteElo "2045"]
[BlackElo "2198"]

1.d4 Nf6 2.c4 g6 3.Nc3 Bg7 4.e4 d6 5.Nf3 O-O 6.Be2 e5 7.O-O Na6 8.Be3 Ng4
9.Bg5 Qe8 10.dxe5 dxe5 11.h3 f6 12.Bd2 Nh6 13.Be3 Nf7 14.c5 c6 15.Bxa6 bxa6
16.Nd2 Rb8 17.Rb1 f5 18.f3 f4 19.Bf2 Kh8 20.Qa4 Rg8 21.Nc4 Bf8 22.Nd5 Qe6
23.Nc7 Qf6 24.Ne8 Qe6 25.Nc7 Qe7 26.Nxa6 Rb5 27.Rfd1 g5 28.Nd6 Nxd6 29.cxd6 Qg7
30.Nc7 g4 31.hxg4 Bxg4 32.Kf1 Bh5 33.Qa3 Qxg2+ 34.Ke2 Rg3 35.Rd3 Rxf3 36.Rxf3 Rb8
37.Ne6 Bxd6 38.Qd3 Be7 39.Nxf4 exf4 40.Qc3+ Kg8 41.Rg1 Qxg1 42.Bxg1 Rb4 43.Kf1 Rxe4
44.Bxa7 Bb4 45.Qd3 Bg6 46.Qd8+ Re8 47.Qg5 Bd6 48.Bd4 Re6 49.Qd8+ Be8 50.Rf2 Kf8
51.Bc5 Bxc5 52.Rxf4+ Kg8 53.Qg5+  1-0

[Event "ch-PER"]
[Site "Lima PER"]
[Date "2004.03.06"]
[Round "2.1"]
[White "Garcia,Jh"]
[Black "Garcia,Ja"]
[Result "1-0"]
[WhiteElo "2237"]
[BlackElo "2324"]

1.d4 Nf6 2.c4 g6 3.Nf3 Bg7 4.Nc3 O-O 5.e4 d6 6.Be2 e5 7.O-O Nbd7 8.Be3 h6
9.d5 Ng4 10.Bc1 f5 11.b4 a5 12.Ba3 b6 13.bxa5 Rxa5 14.Bb4 Ra8 15.a4 Nc5 16.Nd2 Nf6
17.a5 Bd7 18.Bxc5 bxc5 19.a6 Qc8 20.Nb5 Rxa6 21.Rxa6 Qxa6 22.Nxc7 Qb6 23.Nb5 fxe4
24.Qa1 Bf5 25.Nb3 Rb8 26.Qa5 Qxa5 27.Nxa5 Bf8 28.Ra1 Ra8 29.Nc7 Ra7 30.Nb5 Ra6
31.Nc7 Ra7 32.Nb5 Ra6 33.Nc7 Rb6 34.Nc6 Bd7 35.Ra8 Bxc6 36.dxc6 Rxc6 37.Ne6 Nd7
38.Rd8 Kf7 39.Bg4 Ke7  1-0

[Event "ch-PER"]
[Site "Lima PER"]
[Date "2004.03.06"]
[Round "2.2"]
[White "Salazar,C"]
[Black "Ascoy,A"]
[Result "1-0"]
[WhiteElo "2181"]
[BlackElo "2188"]

1.d4 Nf6 2.Nf3 g6 3.c4 Bg7 4.Nc3 O-O 5.e4 d6 6.Be2 e5 7.d5 a5 8.Bg5 h6 9.Bh4 Na6
10.O-O Qe8 11.Nd2 Nh7 12.b3 f5 13.f3 h5 14.a3 Bd7 15.Rb1 g5 16.Bf2 f4 17.b4 b6
18.c5 axb4 19.axb4 bxc5 20.bxc5 Nxc5 21.Bxc5 dxc5 22.d6 cxd6 23.Nc4 Rd8 24.Nxd6 Qg6
25.Nb7 g4 26.Nxd8 Rxd8 27.Qd5+ Kh8 28.Qxc5 g3 29.Rfd1 Bf6 30.h3 Ng5 31.Qb6 Ne6
32.Rxd7  1-0

[Event "FSGM March"]
[Site "Budapest HUN"]
[Date "2004.03.07"]
[Round "2"]
[White "Szeberenyi,A"]
[Black "Seres,L"]
[Result "1/2-1/2"]
[WhiteElo "2450"]
[BlackElo "2496"]

1.d4 g6 2.c4 Bg7 3.e4 d6 4.Nc3 Nf6 5.Nf3 O-O 6.Be2 e5 7.O-O exd4 8.Nxd4 Re8
9.f3 Nc6 10.Be3 Nh5 11.Qd2 Nf4 12.Rfd1 Nxd4 13.Bxd4 Qg5 14.Bf1 Nh3+ 15.Kh1 Qxd2
16.Rxd2 Nf4 17.Bxg7 Kxg7 18.g3 Ne6 19.Bg2 b6 20.f4 Bb7 21.Re1  1/2-1/2